Effect of early tapping on yield and related factors of rubber grown in non-traditional areas of Sri Lanka with an emphasis on financial benefits (Record no. 75724)

MARC details
000 -LEADER
fixed length control field 00795nam a22001577a 4500
100 ## - MAIN ENTRY--AUTHOR NAME
Personal name Kudaligama, K.V.V.S.
245 ## - TITLE STATEMENT
Title Effect of early tapping on yield and related factors of rubber grown in non-traditional areas of Sri Lanka with an emphasis on financial benefits
260 ## - PUBLICATION, DISTRIBUTION, ETC. (IMPRINT)
Name of publisher Natural Rubber Industry: Way forward for the Competitiveness and Sustainability: Proceedings of the International Rubber Conference 2019, 30 September- 1st October 2019, International Rubber Research and Development Board and Myanmar Rubber Planters and Producers Association, Nai Pyi Taw, Myanmar, pp. 140-150.
Year of publication 2022
650 ## - SUBJECT ADDED ENTRY--TOPICAL TERM
Topical Term Latex physiology
650 ## - SUBJECT ADDED ENTRY--TOPICAL TERM
Topical Term Non-traditional area
650 ## - SUBJECT ADDED ENTRY--TOPICAL TERM
Topical Term Tapping
700 ## - ADDED ENTRY--PERSONAL NAME
Personal name Rodrigo, V.H.L.
700 ## - ADDED ENTRY--PERSONAL NAME
Personal name Lakshman, R.G.N.
942 ## - ADDED ENTRY ELEMENTS (KOHA)
Koha item type Articles
Holdings
Withdrawn status Lost status Damaged status Not for loan Home library Current library Date acquired Koha item type
        RRII Library RRII Library 03/11/2025 Articles